Stati per produzione di Diamanti - Statistics

Statistiche generali
  • Questo quiz è stato fatto 5 volte
  • Il punteggio medio è 8 su 10
Statistiche sulle risposte
Produzione di carbone (mln. tonnellate/anno) Continente Nazione % Corretto
8,7 Africa Angola
100%
22,9 Africa Botswana
100%
17,6 America del Nord Canada
100%
1,8 Africa Namibia
100%
14,1 Africa Repubblica Democratica del Congo
100%
39,1 Asia / Europa Russia
100%
4,2 Africa Zimbabwe
100%
9,7 Africa Sudafrica
75%
0,3 Africa Lesotho
50%
0,8 Africa Sierra Leone
0%
Nessun quiz corrispondente trovato
Distribuzione punteggi
Percentuale di utenti per punteggio
Percentile per numero di risposta
I tuoi punteggi nel tempo
Non hai fatto questo quiz